| 000 | 00592nam a22001937a 4500 | ||
|---|---|---|---|
| 005 | 20251108165403.0 | ||
| 008 | 250721s2000 xx 000 0 ara d | ||
| 082 | 1 | 4 | _a354.56502/جبو |
| 100 | 1 | _aالجبور، محمد | |
| 245 | 1 | 0 | _aالجرائم الواقعة على أمن الدولة في القانون الأردني و القوانين العربية / |
| 250 | _aط2 | ||
| 264 | 1 |
_aعمان : _c2000. |
|
| 300 | _a320ص. | ||
| 650 | 1 | 7 | _aالقانون الجنائي |
| 650 | 1 | 7 | _aالجرائم |
| 650 | 1 | 7 | _aأمن الدولة |
| 942 |
_2ddc _cBK |
||
| 999 |
_c26690 _d26690 |
||